Rupure,loss and living : (Record no. 142975)
[ view plain ]
| 000 -LEADER | |
|---|---|
| fixed length control field | 00594nam a22001817a 4500 |
| 005 - DATE AND TIME OF LATEST TRANSACTION | |
| control field | 20170728161124.0 |
| 010 ## - LCCN (DPL NO) | |
| LC control number | ENG-119464 |
| 020 ## - INTERNATIONAL STANDARD BOOK NUMBER | |
| International Standard Book Number | 9788125064152 |
| Terms of availability | 1025.00 |
| 035 ## - SYSTEM CONTROL NUMBER | |
| System control number | EN-102996 |
| 037 ## - SOURCE OF ACQUISITION | |
| Source of stock number/acquisition | DBAD/PUB |
| 082 ## - DEWEY DECIMAL CLASSIFICATION NUMBER | |
| Classification number | 303.6230954 |
| 100 ## - MAIN ENTRY--PERSONAL NAME | |
| Personal name | Lalita,K. |
| 245 ## - TITLE STATEMENT | |
| Title | Rupure,loss and living : |
| Statement of responsibility, etc | by K.Lalita [and] Deepa Dhanraj |
| Remainder of title | minority women speak about post-conflict life / |
| 260 ## - PUBLICATION, DISTRIBUTION, ETC. (IMPRINT) | |
| Place of publication, distribution, etc | Hydrabad |
| Name of publisher, distributor, etc | Orient BlackSwan |
| Date of publication, distribution, etc | 2017 |
| 270 ## - ADDRESS | |
| Address | 3-6-752,Himayat Nagar |
| City | Hydrabad (Telagana) |
| Postal code | 500029 |
| 300 ## - PHYSICAL DESCRIPTION | |
| Extent | xi,434p. |
| Other physical details | 22cm(Hb) |
| 942 ## - ADDED ENTRY ELEMENTS (KOHA) | |
| Source of classification or shelving scheme | Dewey Decimal Classification |
| Item type | English Books |
| Call number suffix | LAL |
| Classification part | 303.6230954 |
| Withdrawn status | Lost status | Not for loan | Collection code | Home library | Current library | Date acquired | Source of acquisition | Cost, normal purchase price | Full call number | Barcode | Copy number | Cost, replacement price | Koha item type |
|---|---|---|---|---|---|---|---|---|---|---|---|---|---|
| Non-fiction | Ashok Vihar | Ashok Vihar | 28/07/2017 | DBAD/PUB | 1025.00 | 303.6230954 LAL | EN-102996 | 1 | 1025.00 | English Books |
